| 000 | 00954nam a22002771u 4500 | ||
|---|---|---|---|
| 001 | 04537 | ||
| 003 | HDC | ||
| 007 | cr bn ---aaaaa | ||
| 008 | 210116p2013 so d 00 engg | ||
| 040 | _aHDC | ||
| 100 |
_aMiele, Mara _eauthor _9118 |
||
| 245 | 0 |
_aReport on Halal Slaughter Practices in Wales / by _cMara Miele, Karolina Rucinska, Haluk Anil |
|
| 260 |
_a[no place] : _b [publisher not identified] , _c2013 |
||
| 300 | _a 1 online resource (54 pages) | ||
| 336 |
_atext _2rdacontent |
||
| 337 |
_acomputer _2rdamedia |
||
| 338 |
_aonline resource _2rdacarrier |
||
| 650 |
_aHalal Slaughter _972 |
||
| 650 |
_ahalal _9294 |
||
| 650 |
_aKosher meat _94630 |
||
| 700 |
_aRucinska, Karolina _eauthor _94631 |
||
| 856 | _zRequest full-text at [email protected] | ||
| 942 | _2lcc | ||
| 942 | _cAR | ||
| 942 | _kJART 001181 | ||
| 999 |
_c1862 _d1862 |
||